000 00918nam a22002297a 4500
005 20240530110532.0
008 160321s2012 ua ad g b 000 0 ara d
017 _a1433/342
_bالسعودية . مكتبة الملك فهد الوطنية
020 _a9786035031875
040 _aEG-CaGPL
082 0 4 _221
_a953.04\
_bس أ
100 0 _aسامى عبدالله المغلوث .
245 1 0 _aاطلس تاريخ الدولة العباسية /
_cتاليف و تصميم سامى بن عبدالله بن احمد المغلوث .
250 _aط1.
260 _aالرياض :
_bالعبيكان للنشر ،
_c2012 .
650 0 4 _aالتاريخ الاسلامى .
651 0 4 _aالدولة العباسية .
651 0 4 _aالدولة العباسية
_vخرائط .
651 0 4 _aالدولة العباسية
_vاطالس .
942 _2ddc
_cBK
999 _c62109
_d62109